000 00335nam a2200145Ia 4500
005 20251222152010.0
008 251222s9999||||xx |||||||||||||| ||spa||
020 _a9788467228465
082 _a813.54/C77
100 _aCook, Robin
245 0 _aCrisis
250 _a1ra. ed.
264 _bRamdon House Mondadori, S.A.
942 _cLIB
999 _c24885
_d24885